|
|
|
|
| LEADER |
00000cam a2200000 7i4500 |
| 001 |
0000002817 |
| 005 |
20040120.0 |
| 020 |
0 |
0 |
|a 085954091X
|
| 090 |
0 |
0 |
|a 662.74
|b PAD 1979
|
| 100 |
1 |
0 |
|a PADDON
|h A. R.
|
| 245 |
1 |
4 |
|a The production of charcoal in a portable metal kiln
|c A. R. Paddon and A. P. Harker
|
| 260 |
0 |
0 |
|a London :
|b Tropical Products Institute ,
|c 1979
|
| 300 |
|
|
|a iii, 28 p. :
|b ill. ;
|c 30 cm.
|
| 440 |
0 |
0 |
|a Tropical Products Institute; G119
|
| 650 |
0 |
0 |
|a Charcoal
|
| 700 |
0 |
1 |
|a Harker
|h A. P.
|
| 998 |
|
|
|a JPSM
|
| 999 |
|
|
|a 0000004478
|b Monograph
|c Open Shelf
|e Default branch
|